| 000 | 01467nam2a2200301 4500 | ||
|---|---|---|---|
| 001 | RU\NLR\BIBL_A\022767833 | ||
| 005 | 20260407132141.0 | ||
| 010 |
_a978-5-93299-641-6 _9500 |
||
| 021 |
_aRU _bКН-П-26-006363 _9КН-П-26-0619 |
||
| 035 | _a(NLR Aleph) 022767833 | ||
| 090 |
_a13647613 _c13647613 |
||
| 100 | _a20260327d2025 k y0rusy50 ca | ||
| 101 | 0 | _arus | |
| 102 | _aRU | ||
| 105 | _aa g 000yy | ||
| 200 | 1 | _aЗерновые и зернобобовые культуры | |
| 210 | _d2025 | ||
| 215 |
_a59 с. _cтабл. |
||
| 320 | _aБиблиогр. в подстроч. примеч. | ||
| 461 | 0 |
_1001RU\NLR\BIBL_A\022402166 _12001#$aКарманный справочник агронома$fВологодский научный центр Российской академии наук$gсоставители: В. В. Вахрушева [и др.]$vВып. 2 _913652954 _cВологда _d2024- _fВологодский научный центр Российской академии наук _nВолНЦ РАН _tКарманный справочник агронома _vВып. 2 |
|
| 606 | 1 |
_aЗерновые культуры _jСправочники _9956747 _3RU\NLR\AUTH\6637712 |
|
| 606 | 1 |
_aЗерновые бобовые растения _jСправочники _91201074 _3RU\NLR\AUTH\66168058 |
|
| 686 | 1 | _aП212я22 | |
| 686 | 1 | _aП213я22 | |
| 942 | _cBOOK | ||
| 980 | _aNB | ||